[Event "Haarlem Nova College op-A 12th"]
[Site "Haarlem"]
[Date "2013.06.28"]
[Round "1"]
[White "Helder, Marc"]
[Black "Pilgrim, Peter"]
[Result "0-1"]
[WhiteElo "2143"]
[BlackElo "2018"]
[PlyCount "60"]
[EventDate "2013.06.28"]
[EventType "swiss"]
[EventRounds "6"]
[EventCountry "NED"]
[SourceTitle "EXT 2015"]
[Source "ChessBase"]
[SourceDate "2014.11.20"]
[SourceVersion "1"]
[SourceVersionDate "2014.11.20"]
[SourceQuality "1"]

1. e4 g6 2. f4 Bg7 3. Nf3 d6 4. d4 e6 5. c3 Ne7 6. Bd3 b6 7. Qe2 c5 8. 0-0 0-0 9. Be3 cxd4 10. Bxd4 Nbc6 11. Bxg7 Kxg7 12. Nbd2 Qc7 13. Rad1 d5 14. e5 Bd7 15. Qf2 f6 16. exf6+ Rxf6 17. Nd4 Raf8 18. g3 e5 19. Nxc6 Nxc6 20. Qg2 exf4 21. Qxd5 fxg3 22. Ne4 gxh2+ 23. Kh1 Be6 24. Qb5 Rf5 25. Qa4 Bd5 26. Bb5 Qg3 27. Rxf5 Rxf5 28. Bxc6 Qf3+ 29. Kxh2 Rh5+ 30. Kg1 Rh1# 0-1

[Event "Haarlem Nova College op"]
[Site "Haarlem"]
[Date "2006.07.09"]
[Round "5"]
[White "Van der Lende, Ilias"]
[Black "Helder, Marc"]
[Result "0-1"]
[WhiteElo "1741"]
[BlackElo "2065"]
[PlyCount "94"]
[EventDate "2006.07.07"]
[EventType "swiss"]
[EventRounds "6"]
[EventCountry "NED"]
[SourceTitle "CBM 113 Extra"]
[Source "ChessBase"]
[SourceDate "2006.09.14"]
[SourceVersion "1"]
[SourceVersionDate "2006.09.14"]
[SourceQuality "1"]

1. e4 e6 2. d4 d5 3. exd5 exd5 4. c4 c6 5. Nc3 Nf6 6. Nf3 Bb4 7. Be3 0-0 8. Bd3 dxc4 9. Bxc4 Nd5 10. Qc2 Re8 11. 0-0 g6 12. Qb3 Bxc3 13. bxc3 a6 14. Bg5 f6 15. Bxd5+ cxd5 16. Bf4 Nc6 17. Rae1 Rxe1 18. Rxe1 Na5 19. Qb4 Bg4 20. Bd6 Bxf3 21. gxf3 Nc4 22. Be7 Qd7 23. Bxf6 Qf7 24. Be5 Nd2 25. Re3 Rf8 26. Bg3 Nxf3+ 27. Kg2 Ng5 28. Qe7 Ne4 29. Qxf7+ Kxf7 30. f3 Nxg3 31. Kxg3 Rc8 32. Kf4 Kf6 33. h4 h6 34. Kg4 Rc4 35. Kf4 b5 36. Rd3 Ra4 37. Rd2 Ra3 38. Rc2 h5 39. Kg3 Kf5 40. Kg2 Kf4 41. Kf2 a5 42. Ke2 Kg3 43. Ke3 b4 44. Kd2 Rxc3 45. Rxc3 bxc3+ 46. Kxc3 Kxh4 47. Kb3 Kg3 0-1